000 00912nas a2200289 4500
001 BR0201782
003 BR-BrBNA
005 20231205102840.0
007 ta
008 230509b bl.|||p| |||| 00| 00por d
040 _aBR-BrBNA
_bpor
_cBiblioteca Nacional de Agricultura
041 _a(Pt)
072 _aH01; H10
100 1 _aSouza, A.P. de
100 1 _aVendramim, J.D.
245 1 _aAtividade inseticida de extratos aquosos de Meliáceas sobre a mosca-branca Bemisia tabaci (Genn.)Biótipo B (Hemiptera: Aleyrodidae)
650 _aInseto
650 _aMosca Branca
650 _aPraga de Planta
650 _aMeliaceae
650 _aInseticida de Origem Vegetal
650 _aTomate
650 _aDefesa Vegetal
773 0 _tNeotropical Entomology (Brazil)
_xISSN 0301-8059
_g(Mar 2001), v. 30(1) p. 133-137
_wBR0201782
909 _a202311
_bLúcia
_c55
_dLúcia Elande
942 _2AGRIS
_n0
_cANA
999 _c169679
_d169679